| 000 | 00585cas a22002175a 4500 | ||
|---|---|---|---|
| 001 | L57 | ||
| 008 | 070626c1993 xxcqr p 0 a0eng | ||
| 022 | 1 | _a1195-1306 | |
| 035 | _a(Sirsi) u99103 | ||
| 041 | 1 |
_aeng _afre |
|
| 110 | 2 |
_aCanadian Institute of Geomatics _95239 |
|
| 245 | 0 | 0 | _aGeomatica |
| 260 |
_aOttawa _bCanadian Institute of Geomatics _c1993- |
||
| 362 | 0 | _a47(1) Spring 1993- | |
| 554 | _aFour per year | ||
| 651 | 4 | _aCanada | |
| 690 | _aENVIRONMENTAL AND LAND CONSULTANCY-GEOMATICS | ||
| 780 | 0 | 0 |
_tCISM Journal _x0841-8234 |
| 942 | _n0 | ||
| 948 | _c16/02/1994 | ||
| 999 |
_c118654 _d118654 |
||